Le moscovite / (Record no. 146748)

MARC details
000 -LEADER
campo de control de longitud fija 00448nam a2200169 i 4500
001 - NÚMERO DE CONTROL
campo de control 146748
003 - IDENTIFICADOR DE NÚMERO DE CONTROL
campo de control ES-MaACL
005 - FECHA Y HORA DE LA ÚLTIMA TRANSACCIÓN
campo de control 20260511145842.0
007 - CAMPO FIJO DE DESCRIPCIÓN FÍSICA--INFORMACIÓN GENERAL
campo de control de longitud fija t|
008 - DATOS DE LONGITUD FIJA--INFORMACIÓN GENERAL
campo de control de longitud fija 070917s1974 fr ||||1| fre d
100 ## - ENTRADA PRINCIPAL--NOMBRE DE PERSONA
Nombre de persona Troyat, Henri,
Fechas asociadas al nombre 1911-2007
9 (RLIN) 233580
245 13 - MENCIÓN DEL TÍTULO
Título Le moscovite /
Mención de responsabilidad, etc. Henri Troyat.
260 ## - PUBLICACIÓN, DISTRIBUCIÓN, ETC.
Lugar de publicación, distribución, etc. Paris :
Nombre del editor, distribuidor, etc. Flammarion,
Fecha de publicación, distribución, etc. [1974]
300 ## - DESCRIPCIÓN FÍSICA
Extensión 327 p. ;
Dimensiones 20 cm.
852 ## - LOCALIZACIÓN
Ubicación ES-MaACL
Número de control de estantería E-5657
Sublocalización o colección R.90039
Holdings
Estatus retirado Estado de pérdida Estado de daño No para préstamo Biblioteca de origen Biblioteca actual Ubicación en estantería Fecha de adquisición Fuente de adquisición Total de préstamos Signatura topográfica completa Código de barras Visto por última vez Precio de reemplazo Tipo de ítem Koha
        Biblioteca del Ateneo de Madrid Biblioteca del Ateneo de Madrid Depósito 2 17/01/2008     E-5657 1153157 23/02/2023 23/02/2023 Libro impreso